Etnografía y observación participante en investigación cualitativa

Uloženo v:
Podrobná bibliografie
Hlavní autor: Angrosino, Michael (Autor)
Médium: Kniha
Jazyk:španělština
Vydáno: Madrid Ediciones Morata S. L 2012
Vydání:1a. ed
Edice:Colección Investigación Cualitativa, 3
Témata:
Tagy: Přidat tag
Žádné tagy, Buďte první, kdo vytvoří štítek k tomuto záznamu!

MARC

LEADER 00000cam a2200000 a 4500
001 UCE0046
003 CL-VaPUC
005 20240123120241.0
008 131227e20120000sp |||||||||||||||||spa|d
999 |c 354367  |d 354365 
020 |a 9788471126672 
040 |c Pontificia Universidad Católica de Valparaíso 
082 0 4 |a 001.42  |b ANG  |2 21 
100 0 |a Angrosino, Michael  |e author  |9 572458 
245 1 0 |a Etnografía y observación participante en investigación cualitativa 
250 |a 1a. ed 
260 |a Madrid  |b Ediciones Morata S. L  |c 2012 
300 |a 143 p 
490 0 |a Colección Investigación Cualitativa, 3 
583 |a last modification  |c 20131227 10:32:00  |k Rodrigo Vera 
650 0 |a Investigación cualitativa  |9 389535 
650 0 |a Métodos de investigación   |9 262618 
650 0 |a Ciencias sociales  |v Investigación  |9 307767 
650 0 |a Aprendizaje social  |x Metodología   |9 887289 
942 |c BK  |2 ddc 
945 |d 20131227 10:32:00  |a dcastane 
952 |0 0  |1 0  |3 erb  |4 0  |6 001_420000000000000_ANG_2012  |7 0  |8 A  |9 460157  |a BIBEDU  |b BIBEDU  |i 5036933  |o 001.42 ANG 2012  |p 5036933  |r 2019-11-23  |w 2019-11-23  |y BK  |z Catalogado en:20131227  |k EFI 
952 |0 0  |1 0  |3 erb  |4 0  |6 001_420000000000000_ANG_2012  |7 0  |8 A  |9 460158  |a BIBEDU  |b BIBEDU  |i 5036941  |o 001.42 ANG 2012  |p 5036941  |r 2019-11-23  |w 2019-11-23  |y BK  |z Catalogado en:20131227  |k EFI 
952 |0 0  |1 0  |3 erb  |4 0  |6 001_420000000000000_ANG_2012  |7 0  |8 A  |9 460159  |a BIBEDU  |b BIBEDU  |i 503695K  |o 001.42 ANG 2012  |p 503695K  |r 2019-11-23  |w 2019-11-23  |y BK  |z Catalogado en:20131227  |k EFI 
952 |0 0  |1 0  |3 erb  |4 0  |6 001_420000000000000_ANG_2012  |7 0  |8 A  |9 460160  |a BIBEDU  |b BIBEDU  |i 5036968  |o 001.42 ANG 2012  |p 5036968  |r 2019-11-23  |w 2019-11-23  |y BK  |z Catalogado en:20131227  |k EFI 
952 |0 0  |1 0  |3 erb  |4 0  |6 001_420000000000000_ANG_2012  |7 0  |8 A  |9 460161  |a BIBING  |b BIBING  |i 5148014  |o 001.42 ANG 2012  |p 5148014  |r 2025-01-20  |w 2019-11-23  |y BK  |z Catalogado en:20150430  |k GEO 
952 |0 0  |1 0  |3 erb  |4 0  |6 001_420000000000000_ANG_2012  |7 0  |8 A  |9 460162  |a BIBEDU  |b BIBEDU  |i 5257190  |o 001.42 ANG 2012  |p 5257190  |r 2019-11-23  |w 2019-11-23  |y BK  |z Catalogado en:20151218  |k EFI 
952 |0 0  |1 0  |3 erb  |4 0  |6 001_420000000000000_ANG_2012  |7 0  |8 A  |9 460163  |a BIBING  |b BIBING  |i 5426006  |l 1  |o 001.42 ANG 2012  |p 5426006  |r 2025-01-20  |s 2024-04-11  |w 2019-11-23  |y BK  |z Catalogado en:20170929  |k GEO 
952 |0 0  |1 0  |3 erb  |4 0  |6 001_420000000000000_ANG_2012  |7 0  |8 A  |9 460164  |a BIBING  |b BIBING  |i 5426014  |o 001.42 ANG 2012  |p 5426014  |r 2025-01-20  |w 2019-11-23  |y BK  |z Catalogado en:20170929  |k GEO